Neveléstudományi könyvkiállítás nyílt Szegeden holnap ankétot rendeznek a tankönyvkiadásról

Elmentve itt :
Bibliográfiai részletek
Dokumentumtípus: Cikk
Megjelent: 1964-03-08
Sorozat:Délmagyarország 54 No. 57
Kulcsszavak:Antalffy György, Hantos Mihály, Könyvkiadás neveléstudomány Szeged 1964, neveléstudományi kiállítások
Online Access:http://dmarchiv.bibl.u-szeged.hu/73409
LEADER 00573nab a2200145 i 4500
001 delm73409
005 20180928082632.0
008 180928s1964 hu o 0|| hun d
040 |a SZTE Délmagyarország Archívum  |b hun 
041 |a hun 
245 0 0 |a Neveléstudományi könyvkiállítás nyílt Szegeden   |h [elektronikus dokumentum] :  |b holnap ankétot rendeznek a tankönyvkiadásról 
260 |c 1964-03-08 
300 |a 5 
490 0 |a Délmagyarország  |v 54 No. 57 
695 |a Antalffy György, Hantos Mihály, Könyvkiadás neveléstudomány Szeged 1964, neveléstudományi kiállítások